Premier League - Number 3 - Statistics

General Stats
  • This quiz has been taken 6 times
  • The average score is 4 of 17
Answer Stats
Hint Answer % Correct
Liverpool Fabinho
83%
Manchester City Ruben Dias
83%
Arsenal Kieran Tierney
67%
West Ham Aaron Cresswell
33%
Newcastle Paul Dummett
33%
Wolves Rayan Ait-Nouri
33%
Aston Villa Diego Carlos
17%
Manchester United Eric Bailly
17%
Leeds Junior Firpo
17%
Brentford Rico Henry
17%
Crystal Palace Tyrick Mitchell
17%
Leicester Wout Faes
17%
Southampton Ainsley Maitland-Niles
0%
Bournemouth Jack Stephens
0%
Fulham Layvin Kurzawa
0%
Everton Nathan Patterson
0%
Nottingham Forest Steve Cook
0%
No matching quizzes found
Score Distribution
Percent of People with Each Score
Percentile by Number Answered
Your Score History
You have not taken this quiz